Practical Cardiology (Запис № 461409)
[ простий вигляд ]
| 000 -LEADER | |
|---|---|
| fixed length control field | 04120nam a22004575i 4500 |
| 001 - CONTROL NUMBER | |
| control field | 978-3-030-28328-5 |
| 003 - CONTROL NUMBER IDENTIFIER | |
| control field | DE-He213 |
| 005 - DATE AND TIME OF LATEST TRANSACTION | |
| control field | 20200904105203.0 |
| 007 - PHYSICAL DESCRIPTION FIXED FIELD--GENERAL INFORMATION | |
| fixed length control field | cr nn 008mamaa |
| 008 - FIXED-LENGTH DATA ELEMENTS--GENERAL INFORMATION | |
| fixed length control field | 200810s2020 gw | s |||| 0|eng d |
| 020 ## - INTERNATIONAL STANDARD BOOK NUMBER | |
| International Standard Book Number | 9783030283285 |
| -- | 978-3-030-28328-5 |
| 024 7# - OTHER STANDARD IDENTIFIER | |
| Standard number or code | 10.1007/978-3-030-28328-5 |
| Source of number or code | doi |
| 050 #4 - LIBRARY OF CONGRESS CALL NUMBER | |
| Classification number | RC681-688.2 |
| 072 #7 - SUBJECT CATEGORY CODE | |
| Subject category code | MJD |
| Source | bicssc |
| 072 #7 - SUBJECT CATEGORY CODE | |
| Subject category code | MED010000 |
| Source | bisacsh |
| 072 #7 - SUBJECT CATEGORY CODE | |
| Subject category code | MJD |
| Source | thema |
| 082 04 - DEWEY DECIMAL CLASSIFICATION NUMBER | |
| Classification number | 616.12 |
| Edition number | 23 |
| 245 10 - TITLE STATEMENT | |
| Title | Practical Cardiology |
| Medium | [electronic resource] : |
| Remainder of title | Evaluation and Treatment of Common Cardiovascular Disorders / |
| Statement of responsibility, etc | edited by Ragavendra R. Baliga, Kim A. Eagle. |
| 250 ## - EDITION STATEMENT | |
| Edition statement | 3rd ed. 2020. |
| 264 #1 - | |
| -- | Cham : |
| -- | Springer International Publishing : |
| -- | Imprint: Springer, |
| -- | 2020. |
| 300 ## - PHYSICAL DESCRIPTION | |
| Extent | IX, 469 p. 121 illus., 49 illus. in color. |
| Other physical details | online resource. |
| 336 ## - | |
| -- | text |
| -- | txt |
| -- | rdacontent |
| 337 ## - | |
| -- | computer |
| -- | c |
| -- | rdamedia |
| 338 ## - | |
| -- | online resource |
| -- | cr |
| -- | rdacarrier |
| 347 ## - | |
| -- | text file |
| -- | |
| -- | rda |
| 505 0# - FORMATTED CONTENTS NOTE | |
| Formatted contents note | Chest Pain -- Dyspnea -- Palpitations -- Edema -- Syncope -- Approach to Claudication -- Coronary Artery Disease -- Primary Prevention of Coronary Artery Disease -- Secondary Prevention of Coronary Artery Disease -- Stable Angina -- Unstable Angina -- Non-ST Elevation Myocardial Infarction -- Acute ST Elevation Myocardial Infarction -- Hypertension -- Primary Hypertension -- Approach to Secondary Hypertension -- Congestive Heart Failure -- Heart Failure Due to Left Ventricular Systolic Dysfunction -- Heart Failure with Preserved Systolic Function -- Arrhythmias -- Paroxysmal Supraventricular Tachycardia -- Atrial Fibrillation & Atrial Flutter -- Ventricular Tachycardia -- Bradycardia -- Valvular Heart Disease -- Infectious Endocarditis -- Mitral Regurgitation -- Aortic Regurgitation -- Mitral Stenosis -- Aortic Stenosis -- Tricuspid -- Pulmonary Valve Disease -- Pericardial Disease & Cardiac Neoplasms -- Acute Pericarditis -- Pericardial Effusion -- Pericardial Constriction -- Aortic & Major Vascular Diseases -- Abdominal Aortic Aneurysms -- Nondissecting Thoracic Aneurysms -- Aortic Dissection -- Cerebrovascular Disease -- Deep Venous Thrombosis -- Lower Extremity Ischemia -- Pulmonary Vascular Diseases -- Pulmonary Embolism -- Pulmonary Hypertension & Cor Pulmonale -- Diagnosis & Management -- Congenital Heart Disease in Adults -- Management of Chronic Anticoagulation -- Assessing & Minimizing Cardiac Risk of Noncardiac Surgery -- Management of the Cardiac Surgery Patient -- Complementary & Alternative Medicine. |
| 520 ## - SUMMARY, ETC. | |
| Summary, etc | This thoroughly updated new edition of the classic practical textbook provides a user-friendly, authoritative guide to evaluation of common cardiovascular symptoms and evaluation and management of common cardiovascular conditions. Coverage also includes clinical challenges such as management of chronic anticoagulation, assessing and minimizing cardiac risk in noncardiac surgery, and management of the cardiac surgery patient. Numerous tables and algorithms help readers find information quickly and aid in clinical decision-making. Practical Cardiology, Evaluation and Treatment of Common Cardiovascular Disorders reflects the current American College of Cardiology/American Heart Association guidelines and provides a concise yet comprehensive handbook presents practical information on the common cardiovascular problems that clinicians encounter daily. |
| 650 #0 - SUBJECT ADDED ENTRY--TOPICAL TERM | |
| Topical term or geographic name as entry element | Cardiology. |
| 650 14 - SUBJECT ADDED ENTRY--TOPICAL TERM | |
| Topical term or geographic name as entry element | Cardiology. |
| -- | https://scigraph.springernature.com/ontologies/product-market-codes/H33037 |
| 700 1# - ADDED ENTRY--PERSONAL NAME | |
| Personal name | Baliga, Ragavendra R. |
| Relator term | editor. |
| Relator code | edt |
| -- | http://id.loc.gov/vocabulary/relators/edt |
| 700 1# - ADDED ENTRY--PERSONAL NAME | |
| Personal name | Eagle, Kim A. |
| Relator term | editor. |
| Relator code | edt |
| -- | http://id.loc.gov/vocabulary/relators/edt |
| 710 2# - ADDED ENTRY--CORPORATE NAME | |
| Corporate name or jurisdiction name as entry element | SpringerLink (Online service) |
| 773 0# - HOST ITEM ENTRY | |
| Title | Springer Nature eBook |
| 776 08 - ADDITIONAL PHYSICAL FORM ENTRY | |
| Display text | Printed edition: |
| International Standard Book Number | 9783030283261 |
| 776 08 - ADDITIONAL PHYSICAL FORM ENTRY | |
| Display text | Printed edition: |
| International Standard Book Number | 9783030283278 |
| 856 40 - ELECTRONIC LOCATION AND ACCESS | |
| Uniform Resource Identifier | <a href="https://doi.org/10.1007/978-3-030-28328-5">https://doi.org/10.1007/978-3-030-28328-5</a> |
| 912 ## - | |
| -- | ZDB-2-SME |
| 912 ## - | |
| -- | ZDB-2-SXM |
Немає доступних примірників.